| 000 | 01197nam a22002895a 4500 | ||
|---|---|---|---|
| 003 | OSt | ||
| 005 | 20160925125725.0 | ||
| 008 | 160822s2015 ua frb 000 0 ara d | ||
| 015 | _a2011/19079 | ||
| 020 | _a978977102745X | ||
| 040 |
_aEG-ScBUE _bara _cEG-ScBUE |
||
| 043 | _af-ua--- | ||
| 082 | 0 | 4 |
_a342.6206 _bط م ا _222 |
| 100 | 1 |
_940566 _aطماوي، سليمان محمد |
|
| 245 | 1 | 4 |
_aالقضاء الإداري. _nالكتاب الأول، _pقضاء الإلغاء / _cسليمان محمد الطماوي ؛ تنقيح عبد الناصر أبو سمهدانة، حسين إبراهيم خليل. |
| 250 | _aط. 1. | ||
| 260 |
_aالقاهرة : _bدار الفكر العربي، _c2015. |
||
| 300 |
_aمج. 1. (1099 ص.) ؛ _c24 سم. |
||
| 504 | _aيشتمل على إرجاعات ببليوجرافية. | ||
| 650 | 7 |
_aقضاء الإلغاء _zمصر. _2BUEsh _940790 |
|
| 650 | 7 |
_aالقضاء الإداري _zمصر. _2BUEsh _940633 |
|
| 651 | _2BUEsh | ||
| 653 |
_bLLAAWW _cAugust 2016 |
||
| 700 | 1 |
_aأبو سمهدانة، عبد الناصر عبد الله، _eمنقح. _940574 |
|
| 700 | 1 |
_aخليل، حسين إبراهيم، _eمنقح. _940575 |
|
| 942 | _2ddc | ||
| 999 |
_c22189 _d22161 |
||